000 00341 a2200157 4500
001 61043
020 _a8516045692
040 _cAnchieta - Pituba
100 _aObeid, César
240 1 0 _aMinhas rimas de cordel
_lpor
245 1 0 _aMinhas rimas de cordel
300 _a48
362 0 _a2005
650 4 _aLiteratura juvenil
942 _cBK
999 _c61043
_d61043